000 00795nam a2200337Ia 4500
001 4148
008 191123s9999 xx 000 0 und d
041 _aeng
041 _afre
041 _aspa
044 _aag
100 _aAyerza, Francisco
245 0 _aEscenas del campo argentino.
260 _aBuenos Aires :
_bAcademia Nacional de Bellas Artes,
_c1968.
300 _a75 p.
500 _aEjemplares numerados 63/150, 64/150, 141/150
650 _aARGENTINA
650 _aAYERZA, FRANCISCO,
650 _aFOTOGRAFIAS
650 _aGAUCHOS
650 _aSIGLO XIX
700 _aGonzález Lanuza, Eduardo,
902 _aM
903 _am
904 _am
907 _aImpreso
911 _afotos b/n; 33 cm
912 _a1968
942 _cLIBRO
999 _c3228
_d3228